Language planning in education (Record no. 83004)
[ view plain ]
| 000 -LEADER | |
|---|---|
| fixed length control field | 01233nam a2200301Ia 4500 |
| 100 1# - MAIN ENTRY--AUTHOR NAME | |
| Personal name | Ferguson, Gibson R. |
| 245 10 - TITLE STATEMENT | |
| Title | Language planning in education |
| 260 ## - PUBLICATION, DISTRIBUTION, ETC. (IMPRINT) | |
| Place of publication | Edinburgh : |
| Name of publisher | Edinburgh University Press, |
| Year of publication | 2006. |
| 300 ## - PHYSICAL DESCRIPTION | |
| Number of Pages | xi, 243 p. |
| 650 #0 - SUBJECT ADDED ENTRY--TOPICAL TERM | |
| Topical Term | Language and education |
| Topical Term | Language planning |
| 856 40 - ELECTRONIC LOCATION AND ACCESS | |
| Uniform Resource Identifier | http://site.ebrary.com/lib/rucke/Doc?id=10137887 |
No items available.
